| 000 | 00331nam a22001097a 4500 | ||
|---|---|---|---|
| 008 | 230620b xxu||||| |||| 00| 0 eng d | ||
| 082 |
_a323 _bIPU 2004 |
||
| 245 | _aSeminar for Chairpersons and Members of Parliamentary Human Rights Bodies | ||
| 260 |
_aSwitzerland _bInterparliamentary Union _c2004 |
||
| 300 | _a120p | ||
| 942 |
_2ddc _cBK |
||
| 999 |
_c1779 _d1779 |
||